Statistics for The Rags of Scott Joplin

Click here to take the quiz!

General Stats

  • This quiz has been taken 71 times
  • The average score is 11 of 31

Answer Stats

YearTitle% Correct
1899Maple Leaf Rag
100%
1902The Entertainer
93%
1908Pine Apple Rag
88%
1914Magnetic Rag
56%
1908Fig Leaf Rag
54%
1901Peacherine Rag
49%
1901The Easy Winners
44%
1899Original Rags
41%
1901Sunflower Slow Drag
41%
1907Gladiolus Rag
37%
1908Sugar Cane
37%
1913Kismet Rag
32%
1903Palm Leaf Rag
32%
1917 (posthumous)Reflection Rag
32%
1907Rose Leaf Rag
32%
1907Searchlight Rag
32%
1903Weeping Willow
32%
1914 (piano roll)Silver Swan Rag
29%
1910Stoptime Rag
29%
1909Paragon Rag
27%
1912Scott Joplin's New Rag
27%
1909Country Club
24%
1904The Cascades
24%
1908Wall Street Rag
24%
1909Pleasant Moments
22%
1902The Strenuous Life
22%
1911Felicity Rag
20%
1904The Sycamore
20%
1904The Favorite
17%
1908Sensation
15%
1907Lily Queen
10%

Score Distribution

Percentile by Number Answered

Percent of People with Each Score

Your Score History

You have not taken this quiz